Million Pound Questions - Statistics

General Stats
  • This quiz has been taken 37 times
  • The average score is 9 of 18
Answer Stats
Question Answer % Correct
Kate Heusser (2000): Which monarch was known as "the wisest fool in Christendom"? James I
89%
Davyth Fear (2019): Which of these people was born the same year as Queen Elizabeth II? Marilyn Monroe
78%
Peter Lee (2000): Which county cricket side is based at Chester-Le-Street? Durham
67%
John Randall (2000): Oberon is the satellite of which planet? Uranus
67%
Steve Devlin (2001): In 1912, former US President Theodore Roosevelt was a candidate for which political party? Bull Moose
56%
Mike Pomfrey (2001): Tomas Masaryk was the first president of which country? Czechoslovakia
56%
Charles Ingram (2001) (No coughing allowed): A number one followed by one hundred zeros is known by what name? Googol
56%
Judith Keppel (2000): Which king was married to Eleanor of Aquitaine? Henry II
56%
Pat Gibson (2004): Which of these is not one of the American Triple Crown horse races? Arlington Million
44%
Donald Fear (2020): In 1718, which pirate died in battle off the coast of what is now North Carolina? Blackbeard
44%
Peter Spyrides (2001): What was the profession of the composer Borodin? Chemist
44%
Andrew Townsley (2020): In the history of motor sport, which of these iconic races was held first? Isle of Man TT
44%
David Edwards (2001): If you planted the seeds of 'Quercus robur', what would grow? Trees
44%
Robert Brydges (2001): Which scientific unit is names after an Italian nobleman? Volt
44%
John Robinson (2019): Which of these UK prime ministers never served as foreign secretary? Winston Churchill
44%
Ingram Wilcox (2006): Which boxer was famous for striking the gong in the introduction to J. Arthur Rank films? Bombardier Billy Wells
33%
Laurence and Jackie Llewellyn-Bowen (2006) (Revised Question): Who was the first man to travel into space twice? Gus Grissom
33%
Roger Walker (2002): Which of these is a butterfly, not a moth? Speckled Wood
22%
No matching quizzes found
Score Distribution
Percent of People with Each Score
Percentile by Number Answered
Your Score History
You have not taken this quiz